<?xml version="1.0" encoding="UTF-8"?><?xml-stylesheet type="text/xsl" href="static/style.xsl"?><OAI-PMH xmlns="http://www.openarchives.org/OAI/2.0/" xmlns:xsi="http://www.w3.org/2001/XMLSchema-instance" xsi:schemaLocation="http://www.openarchives.org/OAI/2.0/ http://www.openarchives.org/OAI/2.0/OAI-PMH.xsd"><responseDate>2026-04-13T16:46:57Z</responseDate><request verb="GetRecord" identifier="oai:www.recercat.cat:2445/215861" metadataPrefix="marc">https://recercat.cat/oai/request</request><GetRecord><record><header><identifier>oai:recercat.cat:2445/215861</identifier><datestamp>2024-11-26T16:23:37Z</datestamp><setSpec>com_2072_1057</setSpec><setSpec>col_2072_478917</setSpec><setSpec>col_2072_478935</setSpec></header><metadata><record xmlns="http://www.loc.gov/MARC21/slim" xmlns:dcterms="http://purl.org/dc/terms/" xmlns:xsi="http://www.w3.org/2001/XMLSchema-instance" xmlns:doc="http://www.lyncode.com/xoai" xsi:schemaLocation="http://www.loc.gov/MARC21/slim http://www.loc.gov/standards/marcxml/schema/MARC21slim.xsd">
   <leader>00925njm 22002777a 4500</leader>
   <datafield ind2=" " ind1=" " tag="042">
      <subfield code="a">dc</subfield>
   </datafield>
   <datafield ind2=" " ind1=" " tag="720">
      <subfield code="a">Bishop, Danielle</subfield>
      <subfield code="e">author</subfield>
   </datafield>
   <datafield ind2=" " ind1=" " tag="720">
      <subfield code="a">Pareja Eastaway, Montserrat</subfield>
      <subfield code="e">author</subfield>
   </datafield>
   <datafield ind2=" " ind1=" " tag="720">
      <subfield code="a">Simó i Solsona, Montse</subfield>
      <subfield code="e">author</subfield>
   </datafield>
   <datafield ind2=" " ind1=" " tag="260">
      <subfield code="c">2024-10-17T16:47:03Z</subfield>
   </datafield>
   <datafield ind2=" " ind1=" " tag="260">
      <subfield code="c">2024-10-17T16:47:03Z</subfield>
   </datafield>
   <datafield ind2=" " ind1=" " tag="260">
      <subfield code="c">2023</subfield>
   </datafield>
   <datafield ind2=" " ind1=" " tag="260">
      <subfield code="c">2024-10-17T16:47:03Z</subfield>
   </datafield>
   <datafield ind2=" " ind1=" " tag="520">
      <subfield code="a">This paper examines the impact of Covid-19 (SARS-CoV-2) on tourism in Barcelona, identifying the pandemic as a crucial turning point and window of opportunity for redefining the sector and reimagining Barcelona's relationship with tourism. Throughout the pandemic, Barcelona's tourism sector has experienced an unprecedented drop in visitors and revenue. The city must embrace new strategies for tourism and development in order to remain resilient in the face of this crisis. Cultural tourism offers both a short-term opportunity for economic recovery and a longer-term solution to the city's pre-existing sustainability issues. In addition to capitalizing on Barcelona's wealth of cultural resources to attract 'proximity' tourists, cultural tourism affords future opportunities to reduce the negative externalities of mass tourism and to reimagine a more sustainable tourism model for the city. Employing a mixed-methods approach, the paper weighs the present need to promote tourism's potential contribution to economic recovery against the future challenges of post-Covid-19 tourism and Barcelona's need for greater sustainability. We include qualitative analysis based on press and document analysis of local newspapers and city government and tourism sector documents, as well as quantitative analysis of existing economic and tourism data and the results of a residents' survey undertaken through the SPOT project (EU-H2020). In doing so, we highlight the role cultural tourism may play in Barcelona's inclusive growth after Covid-19, addressing prior sustainability issues and promoting a more equal distribution of tourism's benefits. This paper also contributes to the ongoing dialogue between researchers and government and tourism actors regarding tourism's role in local development and the future of the city, thus contributing to future strategies and policies.</subfield>
   </datafield>
   <datafield ind1="8" ind2=" " tag="024">
      <subfield code="a">http://hdl.handle.net/2445/215861</subfield>
   </datafield>
   <datafield tag="653" ind2=" " ind1=" ">
      <subfield code="a">Turisme cultural</subfield>
   </datafield>
   <datafield tag="653" ind2=" " ind1=" ">
      <subfield code="a">COVID-19</subfield>
   </datafield>
   <datafield tag="653" ind2=" " ind1=" ">
      <subfield code="a">Desenvolupament sostenible</subfield>
   </datafield>
   <datafield tag="653" ind2=" " ind1=" ">
      <subfield code="a">Heritage tourism</subfield>
   </datafield>
   <datafield tag="653" ind2=" " ind1=" ">
      <subfield code="a">COVID-19</subfield>
   </datafield>
   <datafield tag="653" ind2=" " ind1=" ">
      <subfield code="a">Sustainable development</subfield>
   </datafield>
   <datafield ind2="0" ind1="0" tag="245">
      <subfield code="a">The end of 'business as usual'? Reimagining Barcelona tourism after covid-19</subfield>
   </datafield>
</record></metadata></record></GetRecord></OAI-PMH>